[Event "SRB-chT"]
[Site "Kragujevac"]
[Date "2015.08.27"]
[Round "8.6"]
[White "Vojinovic, Luka"]
[Black "Zivkovic, Ivan"]
[Result "1/2-1/2"]
[WhiteElo "2110"]
[BlackElo "2353"]
[PlyCount "138"]
[EventDate "2015.08.20"]
[EventType "team-tourn"]
[EventRounds "11"]
[EventCountry "YUG"]
[SourceTitle "EXT 2016"]
[Source "ChessBase"]
[SourceDate "2015.10.08"]
[SourceVersion "1"]
[SourceVersionDate "2015.10.08"]
[SourceQuality "1"]
[WhiteTeam "Belgrade Delfin"]
[BlackTeam "Pozega"]
[WhiteTeamCountry "SRB"]
[BlackTeamCountry "SRB"]

1. d4 Nf6 2. c4 g6 3. Nc3 Bg7 4. e4 d6 5. Bd3 0-0 6. Nge2 Nc6 7. a3 e5 8. d5 Nd4 9. 0-0 Nh5 10. Rb1 c5 11. dxc6 bxc6 12. b4 Be6 13. Nxd4 exd4 14. Na4 Qh4 15. f4 f5 16. exf5 gxf5 17. c5 dxc5 18. Nxc5 Bd5 19. Qc2 Kh8 20. Qf2 Qg4 21. Be2 Qg6 22. Bf3 Nf6 23. Bb2 Bxf3 24. Qxf3 Ne4 25. Rbd1 Rad8 26. Nb3 Rd5 27. Rd3 Rfd8 28. Rfd1 Nc3 29. R1d2 Qe6 30. h3 Qe4 31. Nc5 Qe1+ 32. Kh2 Bf6 33. Nb3 Qe4 34. Qf2 Qe7 35. Nxd4 Ne4 36. Qe3 Qd7 37. Rd1 h6 38. g4 Nd6 39. Nxc6 Bxb2 40. Rxd5 Qxc6 41. Qe7 Qb6 42. R1d2 Bc3 43. Rxd6 Rxd6 44. Qxd6 Bxd2 45. Qxd2 Qe6 46. Qc3+ Kg8 47. Kg3 a6 48. a4 fxg4 49. hxg4 Qe2 50. a5 Qf1 51. f5 Qg1+ 52. Kf4 Qh2+ 53. Ke4 Qe2+ 54. Kd5 Qb5+ 55. Qc5 Qb7+ 56. Kd4 Qg7+ 57. Kd5 Qb7+ 58. Qc6 Qxb4 59. Qg6+ Kh8 60. Qxh6+ Kg8 61. Qb6 Qd2+ 62. Kc6 Qg2+ 63. Kc7 Qf1 64. Kb7 Qd3 65. Qe6+ Kf8 66. f6 Qb1+ 67. Kc7 Qb7+ 68. Kd6 Qc6+ 69. Ke5 Qe4+ 1/2-1/2

[Event "SRB Central-ch op-A 8th"]
[Site "Paracin"]
[Date "2015.07.10"]
[Round "9"]
[White "Kozhuharov, Spas"]
[Black "Zivkovic, Ivan"]
[Result "1/2-1/2"]
[WhiteElo "2460"]
[BlackElo "2347"]
[PlyCount "109"]
[EventDate "2015.07.03"]
[EventType "swiss"]
[EventRounds "9"]
[EventCountry "SRB"]
[SourceTitle "CBM 167 Extra"]
[Source "ChessBase"]
[SourceDate "2015.09.14"]
[SourceVersion "1"]
[SourceVersionDate "2015.09.14"]
[SourceQuality "1"]

1. e4 c5 2. Nf3 g6 3. d4 cxd4 4. Nxd4 Nc6 5. c4 Nf6 6. Nc3 d6 7. f3 Nxd4 8. Qxd4 Bg7 9. Be3 0-0 10. Qd2 a5 11. Na4 Nd7 12. Be2 Qc7 13. 0-0 Nc5 14. Nc3 Be6 15. b3 Rfc8 16. Rab1 Qd8 17. Rfd1 h5 18. Nb5 Kh7 19. Nd4 Bd7 20. Bf1 Qf8 21. Qe1 Bf6 22. g3 Rd8 23. Bg2 Bc6 24. e5 Bg7 25. Nxc6 bxc6 26. f4 Ra6 27. Qf2 Nd7 28. Rd3 c5 29. Rbd1 Re8 30. Be4 f5 31. Bb7 Rb6 32. Qg2 Nb8 33. exd6 exd6 34. Bd2 Re7 35. Bf3 Ra6 36. h3 Bd4+ 37. Kf1 Nd7 38. g4 Qh6 39. Re1 Rxe1+ 40. Kxe1 Ra7 41. Kd1 a4 42. b4 Nb6 43. Qe2 Qg7 44. gxh5 Nxc4 45. hxg6+ Kh6 46. Bc1 Qxg6 47. Kc2 Qf6 48. Rd1 Qf7 49. Kb1 a3 50. Qg2 Ra4 51. Qg5+ Kh7 52. Qh4+ Kg7 53. Qg5+ Kh7 54. Qh4+ Kg7 55. Qg5+ 1/2-1/2

[Event "SRB-chT Central"]
[Site "Kraljevo"]
[Date "2014.09.21"]
[Round "11.4"]
[White "Zivkovic, Ivan"]
[Black "Lazic, Dragoljub"]
[Result "1-0"]
[WhiteElo "2325"]
[BlackElo "2254"]
[PlyCount "53"]
[EventDate "2014.09.13"]
[EventType "team-tourn"]
[EventRounds "11"]
[EventCountry "SRB"]
[SourceTitle "CBM 162 Extra"]
[Source "ChessBase"]
[SourceDate "2014.10.17"]
[SourceVersion "1"]
[SourceVersionDate "2014.10.17"]
[SourceQuality "1"]
[WhiteTeam "Pozega"]
[BlackTeam "Kragujevac"]
[WhiteTeamCountry "SRB"]
[BlackTeamCountry "SRB"]

1. e4 c5 2. Nc3 d6 3. f4 Nc6 4. Nf3 e6 5. d4 cxd4 6. Nxd4 Nf6 7. Be3 Be7 8. Qf3 e5 9. Nxc6 bxc6 10. fxe5 dxe5 11. Bc4 Qa5 12. 0-0 Bc5 13. Kh1 Bxe3 14. Qxe3 0-0 15. Qg5 Be6 16. Rxf6 Bxc4 17. Rxc6 Rfc8 18. Rxc8+ Rxc8 19. Rd1 h6 20. Qd2 Kh7 21. a3 Be6 22. Qd6 Rc4 23. h3 Rd4 24. Rxd4 exd4 25. Qxd4 Qg5 26. Ne2 Bg4 27. Ng1 1-0

[Event "SRB-chT Central"]
[Site "Kraljevo"]
[Date "2014.09.20"]
[Round "10.4"]
[White "Sandic, Vladeta"]
[Black "Zivkovic, Ivan"]
[Result "1/2-1/2"]
[WhiteElo "2335"]
[BlackElo "2325"]
[PlyCount "32"]
[EventDate "2014.09.13"]
[EventType "team-tourn"]
[EventRounds "11"]
[EventCountry "SRB"]
[SourceTitle "CBM 162 Extra"]
[Source "ChessBase"]
[SourceDate "2014.10.17"]
[SourceVersion "1"]
[SourceVersionDate "2014.10.17"]
[SourceQuality "1"]
[WhiteTeam "Ub"]
[BlackTeam "Pozega"]
[WhiteTeamCountry "SRB"]
[BlackTeamCountry "SRB"]

1. d4 Nf6 2. c4 g6 3. Nc3 Bg7 4. e4 d6 5. h3 0-0 6. Nf3 e5 7. d5 Nh5 8. Nh2 Qe8 9. Be2 f5 10. 0-0 Nf4 11. Bf3 Na6 12. Be3 g5 13. exf5 Bxf5 14. Be4 Bd7 15. a3 Kh8 16. b4 Bf6 1/2-1/2

[Event "SRB-chT Central"]
[Site "Kraljevo"]
[Date "2014.09.19"]
[Round "9.3"]
[White "Djukic, Slobodan D"]
[Black "Zivkovic, Ivan"]
[Result "0-1"]
[WhiteElo "2195"]
[BlackElo "2325"]
[PlyCount "100"]
[EventDate "2014.09.13"]
[EventType "team-tourn"]
[EventRounds "11"]
[EventCountry "SRB"]
[SourceTitle "CBM 162 Extra"]
[Source "ChessBase"]
[SourceDate "2014.10.17"]
[SourceVersion "1"]
[SourceVersionDate "2014.10.17"]
[SourceQuality "1"]
[WhiteTeam "Veliko Gradiste"]
[BlackTeam "Pozega"]
[WhiteTeamCountry "SRB"]
[BlackTeamCountry "SRB"]

1. e4 c5 2. Nf3 g6 3. d4 cxd4 4. Nxd4 Nc6 5. Be3 Nf6 6. Nc3 Bg7 7. Bc4 Qa5 8. 0-0 0-0 9. Bb3 d6 10. h3 Bd7 11. f4 Rac8 12. Nxc6 Bxc6 13. Qd3 Rfe8 14. Rae1 Nd7 15. Qc4 Rf8 16. Bd2 b5 17. Qe2 b4 18. Nd5 Bxd5 19. exd5 Bf6 20. f5 Nc5 21. Bh6 Nxb3 22. cxb3 Rfe8 23. Qd3 Qxa2 24. Re2 Qa5 25. Kh1 Qb6 26. Re4 Bg7 27. Bg5 Be5 28. Rh4 Rc5 29. fxg6 hxg6 30. Rxf7 Kxf7 31. Rh7+ Bg7 32. Bh6 Rg8 33. Qe4 Ke8 34. Bg5 Rc7 35. Be3 Qa6 36. Qxg6+ Kd8 37. Rxg7 Qf1+ 38. Kh2 Rxg7 39. Qxg7 Rc2 40. Qg8+ Kc7 41. Qg5 Qf6 42. Qxf6 exf6 43. Bd4 f5 44. h4 Rd2 45. Bf6 Rxd5 46. Kg3 Kd7 47. Kf4 Ke6 48. Bh8 Rd1 49. Bg7 Rf1+ 50. Ke3 f4+ 0-1

[Event "SRB-chT Central"]
[Site "Kraljevo"]
[Date "2014.09.17"]
[Round "6.6"]
[White "Popovic, Milan S"]
[Black "Zivkovic, Ivan"]
[Result "1/2-1/2"]
[WhiteElo "2211"]
[BlackElo "2325"]
[PlyCount "24"]
[EventDate "2014.09.13"]
[EventType "team-tourn"]
[EventRounds "11"]
[EventCountry "SRB"]
[SourceTitle "CBM 162 Extra"]
[Source "ChessBase"]
[SourceDate "2014.10.17"]
[SourceVersion "1"]
[SourceVersionDate "2014.10.17"]
[SourceQuality "1"]
[WhiteTeam "Valjevo 2005"]
[BlackTeam "Pozega"]
[WhiteTeamCountry "SRB"]
[BlackTeamCountry "SRB"]

1. e4 c5 2. Nf3 g6 3. g3 Nc6 4. Bg2 Bg7 5. 0-0 d6 6. c3 e5 7. d3 Nge7 8. a3 a5 9. a4 0-0 10. Na3 h6 11. Nb5 d5 12. exd5 Nxd5 1/2-1/2

[Event "SRB-chT Central"]
[Site "Kraljevo"]
[Date "2014.09.13"]
[Round "1.3"]
[White "Brankovic, Dejan"]
[Black "Zivkovic, Ivan"]
[Result "1/2-1/2"]
[WhiteElo "2345"]
[BlackElo "2325"]
[PlyCount "36"]
[EventDate "2014.09.13"]
[EventType "team-tourn"]
[EventRounds "11"]
[EventCountry "SRB"]
[SourceTitle "CBM 162 Extra"]
[Source "ChessBase"]
[SourceDate "2014.10.17"]
[SourceVersion "1"]
[SourceVersionDate "2014.10.17"]
[SourceQuality "1"]
[WhiteTeam "Paracin"]
[BlackTeam "Pozega"]
[WhiteTeamCountry "SRB"]
[BlackTeamCountry "SRB"]

1. c4 Nf6 2. g3 g6 3. Bg2 Bg7 4. Nc3 0-0 5. d3 c5 6. Bg5 Nc6 7. Nf3 d6 8. Qd2 a6 9. Bh6 Rb8 10. h4 Bg4 11. Bxg7 Kxg7 12. Ng5 h6 13. Bxc6 bxc6 14. Nge4 Nh7 15. f3 Be6 16. g4 Qa5 17. Nd1 Qxd2+ 18. Kxd2 f5 1/2-1/2

[Event "SRB-chT"]
[Site "Vrnjacka Banja"]
[Date "2012.10.07"]
[Round "11.2"]
[White "Paunovic, Tomislav"]
[Black "Zivkovic, Ivan"]
[Result "1/2-1/2"]
[WhiteElo "2333"]
[BlackElo "2351"]
[PlyCount "70"]
[EventDate "2012.09.29"]
[EventType "team-tourn"]
[EventRounds "11"]
[EventCountry "SRB"]
[SourceTitle "CBM 150 Extra"]
[Source "ChessBase"]
[SourceDate "2012.10.19"]
[SourceVersion "1"]
[SourceVersionDate "2012.10.19"]
[SourceQuality "1"]
[WhiteTeam "Pirot"]
[BlackTeam "Pozega"]
[WhiteTeamCountry "SRB"]
[BlackTeamCountry "SRB"]

1. d4 d5 2. c4 c6 3. Nf3 e6 4. e3 Nf6 5. Bd3 Nbd7 6. 0-0 Bd6 7. Nbd2 0-0 8. e4 e5 9. cxd5 cxd5 10. exd5 exd4 11. Ne4 Nxe4 12. Bxe4 Nf6 13. Bg5 h6 14. Bxf6 Qxf6 15. Qxd4 Qf4 16. g3 Qg4 17. Ne5 Qh5 18. Nc4 Be7 19. d6 Bf6 20. Qd5 Qh3 21. Bg2 Be6 22. Qf3 Qg4 23. Qxg4 Bxg4 24. Bxb7 Rab8 25. Bd5 Rb5 26. Ne3 Be2 27. Rfe1 Rxb2 28. Rab1 Rd2 29. Rb7 Bd4 30. Bb3 Bf3 31. Rc7 Bb6 32. Re7 Bc5 33. Rc7 Bb6 34. Re7 Bc5 35. Rc7 Bb6 1/2-1/2

[Event "SRB-chT"]
[Site "Valjevo"]
[Date "2011.09.06"]
[Round "11.1"]
[White "Jeremic, Veljko"]
[Black "Zivkovic, Ivan"]
[Result "1/2-1/2"]
[WhiteElo "2519"]
[BlackElo "2367"]
[PlyCount "47"]
[EventDate "2011.08.27"]
[EventType "team-tourn"]
[EventRounds "11"]
[EventCountry "SRB"]
[SourceTitle "CBM 144 Extra"]
[Source "ChessBase"]
[SourceDate "2011.10.28"]
[SourceVersion "1"]
[SourceVersionDate "2011.10.28"]
[SourceQuality "1"]
[WhiteTeam "Belgrade Agro"]
[BlackTeam "Pozega"]
[WhiteTeamCountry "SRB"]
[BlackTeamCountry "SRB"]

1. d4 d5 2. c4 c6 3. Nf3 e6 4. Qc2 Nf6 5. g3 dxc4 6. Qxc4 b5 7. Qc2 Bb7 8. Nbd2 Nbd7 9. Nb3 Qb6 10. Bg2 a5 11. Be3 Nd5 12. 0-0 Nxe3 13. fxe3 a4 14. Nbd2 h6 15. Nh4 c5 16. Bxb7 Qxb7 17. Ne4 cxd4 18. exd4 Be7 19. Rac1 0-0 20. Qc6 Qa7 21. e3 Rac8 22. Qxb5 Rb8 23. Qe2 Qb7 24. Nc3 1/2-1/2

[Event "SRB-chT"]
[Site "Valjevo"]
[Date "2011.09.02"]
[Round "7.1"]
[White "Dimitrijevic, Srdjan"]
[Black "Zivkovic, Ivan"]
[Result "1-0"]
[WhiteElo "2302"]
[BlackElo "2367"]
[PlyCount "103"]
[EventDate "2011.08.27"]
[EventType "team-tourn"]
[EventRounds "11"]
[EventCountry "SRB"]
[SourceTitle "CBM 144 Extra"]
[Source "ChessBase"]
[SourceDate "2011.10.28"]
[SourceVersion "1"]
[SourceVersionDate "2011.10.28"]
[SourceQuality "1"]
[WhiteTeam "Belgrade Cirilo i Metodije"]
[BlackTeam "Pozega"]
[WhiteTeamCountry "SRB"]
[BlackTeamCountry "SRB"]

1. d4 d5 2. c4 c6 3. Nf3 Nf6 4. Qc2 dxc4 5. Qxc4 Bf5 6. g3 e6 7. Bg2 Be7 8. 0-0 Nbd7 9. e3 0-0 10. Qe2 h6 11. Nc3 Bh7 12. e4 Rc8 13. Rd1 Bb4 14. Ne1 Re8 15. Nc2 Bf8 16. Ne3 Qb6 17. a3 e5 18. d5 Qc7 19. Bd2 Nc5 20. f3 Nb3 21. Rab1 Bc5 22. Kh1 Red8 23. Be1 Nd4 24. Qc4 Qe7 25. dxc6 bxc6 26. Na4 Bb6 27. Bb4 Qc7 28. Nc5 a5 29. Bc3 Nb5 30. Nc2 Nd6 31. Rxd6 Rxd6 32. Rc1 Rcd8 33. Ne3 Nd7 34. b4 axb4 35. axb4 Bxc5 36. bxc5 Re6 37. Ra1 Ree8 38. Bh3 Ra8 39. Rd1 Red8 40. Rd6 Qb7 41. Qd3 f5 42. Nxf5 Qb5 43. Ne7+ Kf8 44. Nxc6 Qxd3 45. Rxd3 Rdc8 46. Bxd7 Rc7 47. Nxe5 Rb7 48. c6 Rb1+ 49. Kg2 Ra7 50. Rd2 Rc1 51. Bb4+ Kg8 52. Be6+ 1-0

[Event "SRB-chT 1st League"]
[Site "Valjevo"]
[Date "2010.09.26"]
[Round "11"]
[White "Zivkovic, Ivan"]
[Black "Rabrenovic, Vladan"]
[Result "1/2-1/2"]
[WhiteElo "2327"]
[BlackElo "2384"]
[PlyCount "57"]
[EventDate "2010.09.18"]
[EventType "team"]
[EventRounds "11"]
[EventCountry "SRB"]
[SourceTitle "CBM 138 Extra"]
[Source "ChessBase"]
[SourceDate "2010.10.29"]
[SourceVersion "1"]
[SourceVersionDate "2010.10.29"]
[SourceQuality "1"]

1. e4 d6 2. d4 g6 3. Nf3 Bg7 4. c3 Nf6 5. Bd3 Nbd7 6. 0-0 e5 7. Re1 0-0 8. h3 b6 9. Nbd2 Bb7 10. Nf1 Re8 11. Ng3 a6 12. a4 d5 13. Bg5 h6 14. Bd2 dxe4 15. Nxe4 Nxe4 16. Bxe4 Bxe4 17. Rxe4 f5 18. Qb3+ Kf8 19. Re2 e4 20. Rae1 Qf6 21. Nh2 Qf7 22. Qc2 Kg8 23. f3 Nf6 24. Qc1 Kh7 25. Bf4 Nh5 26. fxe4 fxe4 27. Rf1 Qc4 28. Qc2 c5 29. dxc5 1/2-1/2

[Event "SRB-chT 1st League"]
[Site "Valjevo"]
[Date "2010.09.23"]
[Round "8"]
[White "Zivkovic, Ivan"]
[Black "Stankovic, Dragan"]
[Result "1/2-1/2"]
[WhiteElo "2326"]
[BlackElo "2287"]
[PlyCount "40"]
[EventDate "2010.09.18"]
[EventType "team"]
[EventRounds "11"]
[EventCountry "SRB"]
[SourceTitle "CBM 138 Extra"]
[Source "ChessBase"]
[SourceDate "2010.10.29"]
[SourceVersion "1"]
[SourceVersionDate "2010.10.29"]
[SourceQuality "1"]

1. e4 c5 2. Nf3 e6 3. d4 cxd4 4. Nxd4 Nf6 5. Nc3 Nc6 6. Ndb5 d6 7. Bf4 e5 8. Bg5 a6 9. Na3 b5 10. Nd5 Be7 11. Bxf6 Bxf6 12. c4 b4 13. Nc2 a5 14. Qf3 Be7 15. a3 Rb8 16. axb4 axb4 17. b3 0-0 18. Bd3 Be6 19. 0-0 Bg5 20. Ra4 Bd2 1/2-1/2

[Event "Paracin op 3rd"]
[Site "Paracin"]
[Date "2010.07.13"]
[Round "6"]
[White "Zivkovic, Ivan"]
[Black "Kojovic, Dragan"]
[Result "1/2-1/2"]
[WhiteElo "2326"]
[BlackElo "2381"]
[PlyCount "91"]
[EventDate "2010.07.09"]
[EventType "swiss"]
[EventRounds "9"]
[EventCountry "YUG"]
[SourceTitle "CBM 137 Extra"]
[Source "ChessBase"]
[SourceDate "2010.09.01"]
[SourceVersion "1"]
[SourceVersionDate "2010.09.01"]
[SourceQuality "1"]

1. e4 c6 2. d4 d5 3. Nc3 dxe4 4. Nxe4 Bf5 5. Ng3 Bg6 6. h4 h6 7. Nf3 Nd7 8. h5 Bh7 9. Bd3 Bxd3 10. Qxd3 e6 11. Bd2 Ngf6 12. 0-0-0 Qc7 13. Ne4 Nxe4 14. Qxe4 Nf6 15. Qe2 0-0-0 16. g3 Bd6 17. c4 c5 18. Bc3 Rhe8 19. Ne5 cxd4 20. Bxd4 Bxe5 21. Bxe5 Qc5 22. Kb1 Ng4 23. Bxg7 Nxf2 24. Rxd8+ Rxd8 25. Rf1 Qf5+ 26. Ka1 Qg4 27. Qxg4 Nxg4 28. Kb1 f5 29. Re1 Re8 30. Bd4 b6 31. a4 Kb7 32. Kc2 Kc6 33. b4 e5 34. Kb3 a6 35. b5+ axb5 36. axb5+ Kb7 37. c5 bxc5 38. Bxc5 Nf6 39. Ra1 Ne4 40. Ra7+ Kb8 41. Bg1 Rg8 42. Bb6 Rxg3+ 43. Kb4 Rg2 44. Re7 Rb2+ 45. Ka5 Ra2+ 46. Kb4 1/2-1/2

[Event "SRB Central-ch"]
[Site "Vrnjacka Banja"]
[Date "2009.11.14"]
[Round "8"]
[White "Zivkovic, Ivan"]
[Black "Tosic, Miroslav"]
[Result "0-1"]
[WhiteElo "2320"]
[BlackElo "2436"]
[PlyCount "56"]
[EventDate "2009.11.09"]
[EventType "swiss"]
[EventRounds "9"]
[EventCountry "YUG"]
[SourceTitle "EXT 2010"]
[Source "ChessBase"]
[SourceDate "2010.11.25"]
[SourceVersion "1"]
[SourceVersionDate "2010.11.25"]
[SourceQuality "1"]

1. e4 c6 2. d4 d6 3. Nc3 Qc7 4. Nf3 Bg4 5. h3 Bxf3 6. Qxf3 e5 7. dxe5 dxe5 8. Bc4 Nf6 9. 0-0 Nbd7 10. Ne2 b5 11. Bb3 Nc5 12. Ng3 Be7 13. Nf5 0-0 14. Re1 Ne6 15. Qg3 Bc5 16. Bh6 Ne8 17. Rad1 Kh8 18. Bc1 g6 19. Nh6 N8g7 20. Rd3 Nh5 21. Qg4 Nd4 22. c3 f5 23. exf5 Nxf5 24. Re2 e4 25. Qxe4 Nfg3 26. Qe5+ Qxe5 27. Rxe5 Bxf2+ 28. Kh2 Nf1+ 0-1

[Event "SRB Central-ch"]
[Site "Vrnjacka Banja"]
[Date "2009.11.11"]
[Round "4"]
[White "Radosavljevic, Slobodan D"]
[Black "Zivkovic, Ivan"]
[Result "1/2-1/2"]
[WhiteElo "2260"]
[BlackElo "2320"]
[PlyCount "21"]
[EventDate "2009.11.09"]
[EventType "swiss"]
[EventRounds "9"]
[EventCountry "YUG"]
[SourceTitle "EXT 2010"]
[Source "ChessBase"]
[SourceDate "2010.11.25"]
[SourceVersion "1"]
[SourceVersionDate "2010.11.25"]
[SourceQuality "1"]

1. Nf3 Nc6 2. g3 e5 3. d3 d6 4. Bg2 g6 5. 0-0 Bg7 6. c4 h6 7. Nc3 Be6 8. Bd2 Qd7 9. a3 Bh3 10. Rb1 Bxg2 11. Kxg2 1/2-1/2

[Event "SRB Central-ch"]
[Site "Vrnjacka Banja"]
[Date "2009.11.09"]
[Round "1"]
[White "Zivkovic, Ivan"]
[Black "Kecap, Fikret"]
[Result "1-0"]
[WhiteElo "2320"]
[BlackElo "1982"]
[PlyCount "47"]
[EventDate "2009.11.09"]
[EventType "swiss"]
[EventRounds "9"]
[EventCountry "YUG"]
[SourceTitle "EXT 2010"]
[Source "ChessBase"]
[SourceDate "2010.11.25"]
[SourceVersion "1"]
[SourceVersionDate "2010.11.25"]
[SourceQuality "1"]

1. e4 e5 2. Nf3 Nc6 3. Bb5 Bc5 4. c3 d6 5. d4 exd4 6. cxd4 Bb4+ 7. Nc3 Bd7 8. 0-0 Nge7 9. Qb3 Bxc3 10. bxc3 0-0 11. Bd3 Rb8 12. Bg5 Qe8 13. Rae1 b6 14. Nd2 Na5 15. Qb1 Ng6 16. Be3 c5 17. f4 f6 18. f5 Ne7 19. Bf4 Nb7 20. e5 fxe5 21. dxe5 dxe5 22. Bxe5 Rd8 23. Bc4+ Kh8 24. f6 1-0

[Event "SRB-chT 1st League"]
[Site "Vrnjacka Banja"]
[Date "2009.09.22"]
[Round "5"]
[White "Brankovic, Dejan"]
[Black "Zivkovic, Ivan"]
[Result "1/2-1/2"]
[WhiteElo "2358"]
[BlackElo "2341"]
[PlyCount "35"]
[EventDate "2009.09.19"]
[EventType "team-swiss"]
[EventRounds "11"]
[EventCountry "YUG"]
[SourceTitle "CBM 132 Extra"]
[Source "ChessBase"]
[SourceDate "2009.11.03"]
[SourceVersion "1"]
[SourceVersionDate "2009.11.03"]
[SourceQuality "1"]

1. e4 c5 2. Nf3 d6 3. d4 cxd4 4. Nxd4 Nf6 5. Nc3 g6 6. Be3 Bg7 7. f3 Nc6 8. Qd2 0-0 9. 0-0-0 d5 10. Kb1 Nxd4 11. e5 Nf5 12. exf6 Bxf6 13. Nxd5 Qxd5 14. Qxd5 Nxe3 15. Qd2 Nxd1 16. Qxd1 Be6 17. Bd3 Rfd8 18. Qc1 1/2-1/2

[Event "Paracin op"]
[Site "Paracin"]
[Date "2009.08.23"]
[Round "6"]
[White "Zivkovic, Ivan"]
[Black "Rajcevic, Stevan"]
[Result "1-0"]
[WhiteElo "2341"]
[BlackElo "2146"]
[PlyCount "61"]
[EventDate "2009.08.19"]
[EventType "swiss"]
[EventRounds "9"]
[EventCountry "YUG"]
[SourceTitle "CBM 132 Extra"]
[Source "ChessBase"]
[SourceDate "2009.11.03"]
[SourceVersion "1"]
[SourceVersionDate "2009.11.03"]
[SourceQuality "1"]

1. e4 e5 2. Nf3 Nf6 3. Nxe5 d6 4. Nf3 Nxe4 5. d4 d5 6. Bd3 Nc6 7. 0-0 Be7 8. c4 Nb4 9. Be2 0-0 10. Nc3 Bf5 11. a3 Nxc3 12. bxc3 Nc6 13. cxd5 Qxd5 14. Re1 Rfe8 15. Bf4 Rac8 16. Nd2 Bf6 17. Qa4 Qa5 18. Qb3 Qb6 19. Qa2 Na5 20. g4 Bg6 21. g5 Be7 22. h4 Bd6 23. Be3 Qc6 24. Bg4 Rcd8 25. c4 b6 26. Rac1 Qa4 27. h5 Be4 28. Nxe4 Rxe4 29. Bf3 Rh4 30. g6 hxg6 31. Bg5 1-0

[Event "Paracin op"]
[Site "Paracin"]
[Date "2009.08.20"]
[Round "2"]
[White "Zivkovic, Ivan"]
[Black "Kasparova, Tatiana"]
[Result "0-1"]
[WhiteElo "2341"]
[BlackElo "2169"]
[PlyCount "58"]
[EventDate "2009.08.19"]
[EventType "swiss"]
[EventRounds "9"]
[EventCountry "YUG"]
[SourceTitle "CBM 132 Extra"]
[Source "ChessBase"]
[SourceDate "2009.11.03"]
[SourceVersion "1"]
[SourceVersionDate "2009.11.03"]
[SourceQuality "1"]

1. e4 c6 2. d4 d5 3. Nc3 dxe4 4. Nxe4 Bf5 5. Ng3 Bg6 6. Nf3 Nd7 7. h4 h6 8. h5 Bh7 9. Bd3 Bxd3 10. Qxd3 e6 11. Bf4 Bb4+ 12. c3 Be7 13. 0-0-0 Ngf6 14. Ne1 0-0 15. f3 Qa5 16. Kb1 c5 17. Nc2 Rac8 18. Ne4 cxd4 19. Nxd4 Rfd8 20. Bc1 Nc5 21. Nxc5 Qxc5 22. Qe2 Nd5 23. g4 Qb6 24. Ka1 Rxc3 25. Nb3 Rxb3 26. Rxd5 Rxd5 27. axb3 Qxb3 28. Kb1 Ra5 29. Be3 Re5 0-1